000 00494nam a2200181Ia 4500
005 20250326142935.0
008 250326s9999 xx 000 0 und d
037 _aTextbook
040 _aFMSL
_beng
_cFMSL
041 _aeng
_2eng
084 _aB28 M1
_qFMSL
100 _aHald A
_9746945
245 0 _aStatistical theory of sampling inspection by attributes
_cHald A
260 _aNY
_bNY, Academic
_c1981
300 _a561p
942 _cTB
_hB28 M1
999 _c1297373
_d1297373